Statistics for Harry Potter: What Houses do the Professors belong in?

Click here to take the quiz!

General Stats

  • This quiz has been taken 191 times
  • The average score is 10 of 11

Answer Stats

Answer% Correct
Albus DumbledoreGryffindor
99%
Minerva McGonagallGryffindor
98%
Filius FlitwickRavenclaw
95%
Severus SnapeSlytherin
95%
Pomona SproutHufflepuff
92%
Sybill TrelawneyRavenclaw
91%
Septima VectorGryffindor
84%
Remus LupinGryffindor
83%
Quirinus QuirrellRavenclaw
83%
Gilderoy LockhartRavenclaw
82%
Horace SlughornSlytherin
81%

Score Distribution

Percentile by Number Answered

Percent of People with Each Score

Your Score History

You have not taken this quiz